000 01747nam a2200229Ia 4500
008 260220t1997||||xx |||||||||||||| ||spa||
040 _aPY-SlUNAC
_bspa
_erda
041 _aspa
082 _a001.642 4
_bG943g
245 0 _aGuía práctica de la informática en casa
264 _aMadrid :
_bEl País,
_c℗1997.
300 _a492 páginas
520 _a"Guía práctica de la informática en casa", publicado por El País en 1997, es un recurso esencial para usuarios que buscan integrar la tecnología en su vida cotidiana. El libro aborda de manera accesible los conceptos fundamentales de la informática, desde la elección de hardware y software hasta la configuración de una red doméstica. Se enfoca en la utilización de computadoras para tareas diarias, como la gestión de documentos, la navegación por Internet y la comunicación a través del correo electrónico. Además, ofrece consejos prácticos sobre la resolución de problemas comunes y la seguridad informática, haciendo hincapié en la importancia de proteger la información personal. A través de ejemplos claros y explicaciones simples, la guía desmistifica la tecnología, permitiendo que los lectores, independientemente de su nivel de conocimiento previo, se sientan capacitados para aprovechar al máximo las herramientas informáticas en su hogar. En un contexto de rápida evolución tecnológica, este manual es un recurso valioso para la alfabetización digital.
653 _aInformática
653 _aTecnología de la información
653 _aUso doméstico de la tecnología
942 _b2026/02/17
_cBK
999 _c6675
_d6675